[Event "Titled Tuesday intern op 30th Aug Early"]
[Site "Chess.com INT"]
[Date "2022.08.30"]
[Round "8"]
[White "Begunov, Konstantin"]
[Black "Karaev, Seit"]
[Result "0-1"]
[WhiteElo "2325"]
[BlackElo "2280"]
[PlyCount "76"]
[EventDate "2022.08.30"]
[EventType "swiss (blitz)"]
[EventRounds "11"]
[EventCountry "USA"]
[SourceTitle "EXT 2023"]
[Source "ChessBase"]
[SourceDate "2022.10.05"]
[SourceVersion "1"]
[SourceVersionDate "2022.10.05"]
[SourceQuality "1"]

1. d4 Nf6 2. c4 c5 3. Nf3 g6 4. Nc3 Bg7 5. g3 0-0 6. Bg2 d6 7. 0-0 Nc6 8. d5 Na5 9. Nd2 a6 10. a3 b5 11. cxb5 axb5 12. b4 Nb7 13. Bb2 Qb6 14. e4 Bg4 15. Bf3 Bxf3 16. Qxf3 Nd7 17. Qe2 c4 18. Nf3 Nd8 19. Kg2 f6 20. h4 Nf7 21. Nd1 Nfe5 22. Nxe5 Nxe5 23. Bc3 Nd3 24. Nb2 Nxb2 25. Qxb2 Rf7 26. h5 f5 27. hxg6 hxg6 28. Bxg7 Rxg7 29. exf5 gxf5 30. Rae1 Qb7 31. Qd4 Rxa3 32. Rh1 Rd3 33. Qh4 Qxd5+ 34. Kg1 Qd4 35. Qh8+ Kf7 36. Rh7 Rdxg3+ 37. Kh2 Qxf2+ 38. Kh1 Qg2# 0-1

[Event "Titled Tuesday intern op 30th Aug Early"]
[Site "Chess.com INT"]
[Date "2022.08.30"]
[Round "7"]
[White "Demin, Vladimir"]
[Black "Karaev, Seit"]
[Result "0-1"]
[WhiteElo "2430"]
[BlackElo "2280"]
[PlyCount "90"]
[EventDate "2022.08.30"]
[EventType "swiss (blitz)"]
[EventRounds "11"]
[EventCountry "USA"]
[SourceTitle "EXT 2023"]
[Source "ChessBase"]
[SourceDate "2022.10.05"]
[SourceVersion "1"]
[SourceVersionDate "2022.10.05"]
[SourceQuality "1"]

1. d4 Nf6 2. Nc3 c5 3. dxc5 g6 4. e4 Qa5 5. Qd4 Nc6 6. Qa4 Qxc5 7. Be3 Qb4 8. Qxb4 Nxb4 9. 0-0-0 d6 10. a3 Nc6 11. Nd5 Nxd5 12. exd5 Ne5 13. Bd4 f6 14. Ne2 Bh6+ 15. Kb1 0-0 16. f3 a6 17. Bb6 Nc4 18. Bf2 Bd7 19. Nd4 Ne3 20. Re1 Nxf1 21. Rhxf1 Kf7 22. Re2 Rfe8 23. Rfe1 Rac8 24. b3 Bg7 25. Ne6 Bxe6 26. Rxe6 b5 27. Bd4 Bh6 28. g3 Bd2 29. R1e2 Bc3 30. Bf2 f5 31. f4 Bf6 32. Be1 Rc5 33. R6e3 Rxd5 34. Rd3 Rxd3 35. cxd3 Rc8 36. Bd2 e5 37. Re1 Ke6 38. d4 e4 39. d5+ Kxd5 40. Bb4 Ke6 41. g4 d5 42. g5 Be7 43. Kb2 Bxb4 44. axb4 d4 45. Ra1 Rc6 0-1

[Event "Titled Tuesday intern op 30th Aug Early"]
[Site "Chess.com INT"]
[Date "2022.08.30"]
[Round "11"]
[White "Kilic, Eray"]
[Black "Karaev, Seit"]
[Result "1/2-1/2"]
[WhiteElo "2417"]
[BlackElo "2280"]
[PlyCount "155"]
[EventDate "2022.08.30"]
[EventType "swiss (blitz)"]
[EventRounds "11"]
[EventCountry "USA"]
[SourceTitle "EXT 2023"]
[Source "ChessBase"]
[SourceDate "2022.10.05"]
[SourceVersion "1"]
[SourceVersionDate "2022.10.05"]
[SourceQuality "1"]

1. e4 Nf6 2. e5 Nd5 3. d4 d6 4. Nf3 g6 5. Bc4 Nb6 6. Bb3 Bg7 7. exd6 cxd6 8. 0-0 0-0 9. h3 Nc6 10. c3 e5 11. Bg5 Qc7 12. Re1 h6 13. Be3 Kh7 14. Nbd2 f5 15. dxe5 dxe5 16. Nc4 Nxc4 17. Bxc4 e4 18. Nd2 Ne5 19. Bf1 Be6 20. Bd4 Rad8 21. Qa4 b6 22. Rad1 Rd7 23. Bxe5 Bxe5 24. Bb5 Rd6 25. Nc4 Bxc4 26. Bxc4 Rfd8 27. Rxd6 Bxd6 28. Bb3 Bc5 29. Qc4 Rc8 30. Qe6 Rd8 31. Bd5 Qe7 32. Qxe7+ Bxe7 33. Rd1 Kg7 34. Kf1 Kf6 35. Ke2 Ke5 36. c4 Bc5 37. a3 a5 38. g3 g5 39. f3 e3 40. b4 axb4 41. axb4 Bxb4 42. Kxe3 Bc5+ 43. Ke2 f4 44. gxf4+ Kxf4 45. Rh1 Re8+ 46. Be4 Kg3 47. Kd3 h5 48. Kd2 g4 49. hxg4 hxg4 50. Rf1 Bf2 51. Bc6 Rd8+ 52. Bd5 gxf3 53. Rb1 Bc5 54. Rb3 Rf8 55. Ke1 Kg4 56. Be6+ Kf4 57. Bd5 f2+ 58. Kf1 Ke5 59. Rf3 Rh8 60. Rf7 Rh3 61. Kg2 Ra3 62. Rf3 Ra1 63. Rxf2 Bxf2 64. Kxf2 b5 65. Ke3 b4 66. Kd3 Ra3+ 67. Kc2 Kd4 68. Bg8 Rg3 69. Bf7 b3+ 70. Kb2 Kc5 71. Ka3 Kd4 72. Kb2 Kc5 73. Ka3 Rc3 74. Bd5 Rd3 75. Bf7 Re3 76. Bd5 Kd4 77. Kb2 Rg3 78. Bf7 1/2-1/2

[Event "Titled Tuesday intern op 23rd Aug Early"]
[Site "Chess.com INT"]
[Date "2022.08.23"]
[Round "5"]
[White "Karaev, Seit"]
[Black "Migot, Tangi"]
[Result "1-0"]
[WhiteElo "2280"]
[BlackElo "2356"]
[PlyCount "107"]
[EventDate "2022.08.23"]
[EventType "swiss (blitz)"]
[EventRounds "11"]
[EventCountry "USA"]
[SourceTitle "EXT 2023"]
[Source "ChessBase"]
[SourceDate "2022.10.05"]
[SourceVersion "1"]
[SourceVersionDate "2022.10.05"]
[SourceQuality "1"]

1. e4 c5 2. Nf3 Nc6 3. d4 cxd4 4. Nxd4 Nf6 5. Nc3 d6 6. Bg5 e6 7. f3 Bd7 8. Qd2 a6 9. 0-0-0 Be7 10. h4 h5 11. Kb1 b5 12. g3 Qc7 13. Bh3 Nxd4 14. Qxd4 b4 15. Qxb4 d5 16. Qd4 Bc5 17. Qd3 dxe4 18. Nxe4 Nxe4 19. fxe4 0-0 20. Qxd7 Qxg3 21. Qd3 Qe5 22. Bc1 Rab8 23. b3 Qf6 24. Bb2 e5 25. Qd5 Bd4 26. Bxd4 exd4 27. Qxd4 Qxh4 28. Rhg1 g6 29. Bf5 Rfd8 30. Qe5 Rxd1+ 31. Rxd1 Rf8 32. Rg1 Qf2 33. Qg3 Qxg3 34. Rxg3 Kg7 35. Bh3 Re8 36. Bg2 Kh6 37. c4 g5 38. c5 g4 39. Rc3 Re7 40. c6 Rc7 41. e5 Kg5 42. Bd5 h4 43. e6 fxe6 44. Bxe6 h3 45. Rg3 h2 46. Bd5 Kf4 47. Rc3 g3 48. Kb2 a5 49. a3 Ke5 50. Bg2 Kf4 51. b4 axb4 52. axb4 Re7 53. Rc2 Re2 54. Rxe2 1-0

[Event "Titled Tuesday intern op 23rd Aug Early"]
[Site "Chess.com INT"]
[Date "2022.08.23"]
[Round "10"]
[White "Tanenbaum, Zachary Chen"]
[Black "Karaev, Seit"]
[Result "0-1"]
[WhiteElo "2142"]
[BlackElo "2280"]
[PlyCount "96"]
[EventDate "2022.08.23"]
[EventType "swiss (blitz)"]
[EventRounds "11"]
[EventCountry "USA"]
[SourceTitle "EXT 2023"]
[Source "ChessBase"]
[SourceDate "2022.10.05"]
[SourceVersion "1"]
[SourceVersionDate "2022.10.05"]
[SourceQuality "1"]

1. e4 Nf6 2. e5 Nd5 3. d4 d6 4. Nf3 g6 5. Bc4 Nb6 6. Bb3 Bg7 7. Ng5 0-0 8. f4 h6 9. Nf3 Bg4 10. Be3 dxe5 11. fxe5 Nc6 12. Nbd2 Nd5 13. Qe2 Nxe3 14. Qxe3 e6 15. 0-0 a5 16. a4 Nb4 17. c3 Nd5 18. Qf2 Rc8 19. Bc2 b6 20. Ne4 Bf5 21. Ng3 Bxc2 22. Qxc2 Ne3 23. Qf2 Nxf1 24. Rxf1 c5 25. Ne4 cxd4 26. cxd4 f5 27. Nd6 Rc6 28. Qe2 Rxd6 29. exd6 Qxd6 30. Qc4 Rd8 31. Kh1 Kh7 32. Re1 Qd5 33. Qc7 Qd6 34. Qf7 Rd7 35. Rxe6 Rxf7 36. Rxd6 Rc7 37. h3 g5 38. Rxb6 g4 39. hxg4 fxg4 40. Ne5 g3 41. Nc6 Bxd4 42. Ra6 Bf2 43. b3 Rd7 44. Nd4 Rxd4 45. Ra7+ Kg6 46. Ra6+ Kf5 47. Rxa5+ Ke4 48. Rd5 Rxd5 0-1

[Event "Titled Tuesday intern op 16th Aug Early"]
[Site "Chess.com INT"]
[Date "2022.08.16"]
[Round "6"]
[White "Karaev, Seit"]
[Black "Costachi, Mihnea"]
[Result "1-0"]
[WhiteElo "2280"]
[BlackElo "2461"]
[PlyCount "193"]
[EventDate "2022.08.16"]
[EventType "swiss (blitz)"]
[EventRounds "11"]
[EventCountry "USA"]
[SourceTitle "EXT 2023"]
[Source "ChessBase"]
[SourceDate "2022.10.05"]
[SourceVersion "1"]
[SourceVersionDate "2022.10.05"]
[SourceQuality "1"]

1. e4 c5 2. Nf3 d6 3. d4 cxd4 4. Nxd4 Nf6 5. Nc3 g6 6. f3 Bg7 7. Be3 0-0 8. Qd2 a6 9. 0-0-0 b5 10. h4 Nbd7 11. h5 Nxh5 12. g4 Nhf6 13. Bh6 b4 14. Nd5 Bb7 15. Bxg7 Kxg7 16. Qh6+ Kg8 17. g5 Bxd5 18. gxf6 Nxf6 19. exd5 Qc8 20. Nc6 Re8 21. Bc4 Qf5 22. Kb1 Rac8 23. Bxa6 Rc7 24. Bc4 e6 25. Bb3 exd5 26. Nxb4 Rc5 27. Nxd5 Nxd5 28. Qxh7+ Kf8 29. Qh8+ Ke7 30. Rhe1+ Ne3 31. Rxe3+ Re5 32. Rxe5+ dxe5 33. Qh4+ Kf8 34. Qh6+ Ke7 35. Qe3 Kf8 36. Qe4 Qf6 37. a4 Qe7 38. Qd5 Kg7 39. Re1 Qf6 40. Qe4 Qd6 41. Qb7 Re7 42. Qd5 Qf6 43. a5 g5 44. Rg1 Qf4 45. Qe4 Qf6 46. Bc4 Rd7 47. Bd3 Rd4 48. Qh7+ Kf8 49. Rh1 Ke7 50. Qh6 Qf4 51. Rg1 f6 52. Qg7+ Ke6 53. Qb7 Rb4 54. Qc8+ Ke7 55. Rh1 Kd6 56. Qd8+ Kc5 57. Qc7+ Kd4 58. Rd1 Ke3 59. Qc5+ Qd4 60. Qxd4+ exd4 61. a6 Kxf3 62. a7 Ra4 63. Re1 Rxa7 64. Re4 f5 65. Rxd4 f4 66. b4 g4 67. Rd8 g3 68. Rg8 Kf2 69. Be4 Re7 70. Bd5 Re5 71. c4 Re2 72. Rf8 Re1+ 73. Kc2 Ke3 74. Re8+ Kf2 75. Rf8 Ke3 76. b5 Re2+ 77. Kc3 g2 78. Rg8 f3 79. Bxf3 Kxf3 80. b6 Kf2 81. Rxg2+ Kxg2 82. c5 Re4 83. b7 Re8 84. c6 Re6 85. b8Q Rxc6+ 86. Kd4 Rg6 87. Qe8 Rg4+ 88. Ke3 Rg3+ 89. Ke2 Rg4 90. Qe6 Rg3 91. Qe4+ Kh3 92. Kf2 Rg5 93. Qf4 Rg6 94. Qf5+ Rg4 95. Kf3 Kh2 96. Qxg4 Kh1 97. Qg2# 1-0

[Event "Titled Tuesday intern op 16th Aug Late"]
[Site "Chess.com INT"]
[Date "2022.08.16"]
[Round "7"]
[White "Karaev, Seit"]
[Black "Kashtanov, Ruslan"]
[Result "1-0"]
[WhiteElo "2280"]
[BlackElo "2376"]
[PlyCount "53"]
[EventDate "2022.08.16"]
[EventType "swiss (blitz)"]
[EventRounds "11"]
[EventCountry "USA"]
[SourceTitle "EXT 2023"]
[Source "ChessBase"]
[SourceDate "2022.10.05"]
[SourceVersion "1"]
[SourceVersionDate "2022.10.05"]
[SourceQuality "1"]

1. e4 c5 2. Nf3 e6 3. d4 cxd4 4. Nxd4 Nc6 5. Nc3 Qc7 6. a3 Nf6 7. Bg5 Qe5 8. Bxf6 Qxf6 9. Nxc6 dxc6 10. Bd3 Bc5 11. 0-0 0-0 12. Kh1 e5 13. Qh5 g6 14. Qh6 Be6 15. Ne2 Qg7 16. Qg5 f6 17. Qg3 f5 18. f4 fxe4 19. Bxe4 Bc4 20. Bd3 Bxd3 21. Qxd3 Bb6 22. f5 Rae8 23. Qb3+ Kh8 24. fxg6 Qxg6 25. Ng3 e4 26. Qb4 e3 27. Rxf8+ 1-0

[Event "Titled Tuesday intern op 16th Aug Early"]
[Site "Chess.com INT"]
[Date "2022.08.16"]
[Round "4"]
[White "Karaev, Seit"]
[Black "Lagno, Kateryna"]
[Result "0-1"]
[WhiteElo "2280"]
[BlackElo "2547"]
[PlyCount "82"]
[EventDate "2022.08.16"]
[EventType "swiss (blitz)"]
[EventRounds "11"]
[EventCountry "USA"]
[SourceTitle "EXT 2023"]
[Source "ChessBase"]
[SourceDate "2022.10.05"]
[SourceVersion "1"]
[SourceVersionDate "2022.10.05"]
[SourceQuality "1"]

1. e4 e5 2. f4 exf4 3. Nf3 Ne7 4. Nc3 d5 5. e5 d4 6. Ne4 Nd5 7. Bc4 Nc6 8. 0-0 Be7 9. Bxd5 Qxd5 10. d3 Bg4 11. Bxf4 h6 12. Bg3 0-0-0 13. a4 Kb8 14. a5 a6 15. h3 Be6 16. Ned2 Nxa5 17. b3 Bb4 18. Nc4 Nc6 19. Nfd2 Bc3 20. Ra2 Nb4 21. Ra3 b5 22. Ra5 Qb7 23. Ne4 bxc4 24. bxc4 Nxd3 25. Rxa6 Qxe4 26. cxd3 Qb7 27. Qa4 Bc8 28. Ra5 Bxa5 29. Qxa5 Qb6 30. Qa2 Bb7 31. Rb1 Qc6 32. e6 fxe6 33. Ra1 Kc8 34. Re1 Rhf8 35. Re2 Rf5 36. c5 Rdf8 37. Kh2 R8f6 38. Rc2 Rg6 39. Qc4 Rfg5 40. Qxd4 Rxg3 41. Qh4 Rxg2+ 0-1

[Event "Titled Tuesday intern op 16th Aug Early"]
[Site "Chess.com INT"]
[Date "2022.08.16"]
[Round "2"]
[White "Karaev, Seit"]
[Black "Santos Ruiz, Miguel"]
[Result "0-1"]
[WhiteElo "2280"]
[BlackElo "2581"]
[PlyCount "76"]
[EventDate "2022.08.16"]
[EventType "swiss (blitz)"]
[EventRounds "11"]
[EventCountry "USA"]
[SourceTitle "EXT 2023"]
[Source "ChessBase"]
[SourceDate "2022.10.05"]
[SourceVersion "1"]
[SourceVersionDate "2022.10.05"]
[SourceQuality "1"]

1. e4 c5 2. Nf3 Qc7 3. Nc3 e6 4. d4 cxd4 5. Nxd4 a6 6. a3 b5 7. Be3 Bb7 8. f3 Nf6 9. Qd2 Nc6 10. 0-0-0 b4 11. axb4 Bxb4 12. Kb1 0-0 13. g4 Rfc8 14. g5 Nh5 15. Nb3 Ne5 16. f4 Bxc3 17. bxc3 Nc4 18. Bxc4 Qxc4 19. Rhe1 Bxe4 20. Kb2 a5 21. Qd4 a4 22. Qxc4 Rxc4 23. Nd4 a3+ 24. Ka1 Bd5 25. Bd2 f6 26. h4 Kf7 27. Rb1 Ng3 28. Re3 Ne4 29. Be1 Kg6 30. Rb4 Rac8 31. gxf6 Kxf6 32. Ra4 Rxa4 33. Rg3 Nxg3 34. Bxg3 Rxc3 35. Be1 Re3 36. Bd2 Rxd4 37. Bc3 Re1+ 38. Bxe1 Rd1# 0-1

[Event "Titled Tuesday intern op 16th Aug Late"]
[Site "Chess.com INT"]
[Date "2022.08.16"]
[Round "6"]
[White "Karaev, Seit"]
[Black "Sarkar, Justin"]
[Result "1-0"]
[WhiteElo "2280"]
[BlackElo "2352"]
[PlyCount "67"]
[EventDate "2022.08.16"]
[EventType "swiss (blitz)"]
[EventRounds "11"]
[EventCountry "USA"]
[SourceTitle "EXT 2023"]
[Source "ChessBase"]
[SourceDate "2022.10.05"]
[SourceVersion "1"]
[SourceVersionDate "2022.10.05"]
[SourceQuality "1"]

1. e4 b6 2. d4 g6 3. Nc3 Bg7 4. Be3 Bb7 5. f3 e6 6. Qd2 d6 7. 0-0-0 Nd7 8. h4 h6 9. h5 g5 10. Kb1 a6 11. d5 b5 12. Bd4 Bxd4 13. Qxd4 e5 14. Qd2 Ne7 15. g4 Nc5 16. Nce2 c6 17. dxc6 Nxc6 18. Qxd6 Qxd6 19. Rxd6 Ke7 20. Rd5 Ne6 21. Ng3 Ncd4 22. c3 Nc6 23. Nf5+ Kf6 24. Nd6 Rab8 25. Nxb7 Rxb7 26. Ne2 Rd8 27. Ng3 Nf4 28. Rxd8 Nxd8 29. Kc2 Nde6 30. Nf5 Rc7 31. Nxh6 Nd4+ 32. Kd2 Nxf3+ 33. Ke3 Ne1 34. Nf5 1-0

[Event "Titled Tuesday intern op 16th Aug Early"]
[Site "Chess.com INT"]
[Date "2022.08.16"]
[Round "3"]
[White "Lauridsen, Jesper Morch"]
[Black "Karaev, Seit"]
[Result "0-1"]
[WhiteElo "2221"]
[BlackElo "2280"]
[PlyCount "78"]
[EventDate "2022.08.16"]
[EventType "swiss (blitz)"]
[EventRounds "11"]
[EventCountry "USA"]
[SourceTitle "EXT 2023"]
[Source "ChessBase"]
[SourceDate "2022.10.05"]
[SourceVersion "1"]
[SourceVersionDate "2022.10.05"]
[SourceQuality "1"]

1. e4 Nf6 2. e5 Nd5 3. d4 d6 4. Nf3 g6 5. Be2 Bg7 6. 0-0 0-0 7. exd6 cxd6 8. c4 Nb6 9. h3 Nc6 10. Nc3 h6 11. Be3 e5 12. dxe5 dxe5 13. Qxd8 Rxd8 14. Bxb6 axb6 15. Nd5 e4 16. Nd2 Bxb2 17. Rab1 Rxa2 18. Nxe4 Bf5 19. Bf3 Kg7 20. Nxb6 Re8 21. Nd6 Bxb1 22. Nxe8+ Kf8 23. Rxb1 Kxe8 24. Nd5 Bd4 25. Rxb7 Bxf2+ 26. Kh2 Nd4 27. Nf6+ Kf8 28. Bd5 Ne6 29. Bxe6 fxe6 30. c5 Rc2 31. Nd7+ Ke7 32. c6 Kd6 33. Nb8 h5 34. Rg7 h4 35. Rd7+ Ke5 36. Rd1 Bg3+ 37. Kg1 Kf6 38. Nd7+ Ke7 39. Nb8 Bxb8 0-1

[Event "Titled Tuesday intern op 16th Aug Early"]
[Site "Chess.com INT"]
[Date "2022.08.16"]
[Round "1"]
[White "Sultana, Sharmin Shirin"]
[Black "Karaev, Seit"]
[Result "0-1"]
[WhiteElo "1980"]
[BlackElo "2280"]
[PlyCount "80"]
[EventDate "2022.08.16"]
[EventType "swiss (blitz)"]
[EventRounds "11"]
[EventCountry "USA"]
[SourceTitle "EXT 2023"]
[Source "ChessBase"]
[SourceDate "2022.10.05"]
[SourceVersion "1"]
[SourceVersionDate "2022.10.05"]
[SourceQuality "1"]

1. d4 Nf6 2. c4 c5 3. e3 g6 4. Nc3 Bg7 5. Nf3 Kf8 6. Be2 h5 7. d5 d6 8. h3 h4 9. e4 Kg8 10. Bg5 Nbd7 11. Bxh4 a6 12. Qd2 b5 13. Qc2 b4 14. Nd1 a5 15. a3 Bb7 16. Bg5 Qb6 17. 0-0 Bc8 18. Ne3 b3 19. Qc1 a4 20. Bd3 Qd8 21. Nd1 Ne5 22. Nxe5 dxe5 23. Qe3 Qd6 24. f4 Nh5 25. f5 Nf4 26. Nc3 Bd7 27. Ne2 Rh5 28. Bxf4 exf4 29. Qxf4 Be5 30. Qg4 Bxb2 31. Rae1 Bg7 32. Nf4 Rh6 33. e5 Bxe5 34. Kh1 Bg7 35. Qg5 Qf6 36. Qxf6 Bxf6 37. fxg6 b2 38. gxf7+ Kxf7 39. Ne6 Bxe6 40. Rxe6 Rb8 0-1

[Event "Titled Tuesday intern op 02nd Aug Early"]
[Site "Chess.com INT"]
[Date "2022.08.02"]
[Round "2"]
[White "Karaev, Seit"]
[Black "Chigaev, Maksim"]
[Result "0-1"]
[WhiteElo "2280"]
[BlackElo "2641"]
[PlyCount "92"]
[EventDate "2022.08.02"]
[EventType "swiss (blitz)"]
[EventRounds "11"]
[EventCountry "USA"]
[SourceTitle "EXT 2023"]
[Source "ChessBase"]
[SourceDate "2022.10.05"]
[SourceVersion "1"]
[SourceVersionDate "2022.10.05"]
[SourceQuality "1"]

1. e4 c5 2. Nf3 g6 3. d4 cxd4 4. Nxd4 Bg7 5. Nc3 Nc6 6. Be3 Nf6 7. f3 0-0 8. Bc4 d5 9. exd5 Na5 10. Qe2 a6 11. 0-0 b5 12. Bb3 Bb7 13. Rad1 Nxb3 14. Nxb3 Nxd5 15. Nxd5 Bxd5 16. Bd4 Bc4 17. Qf2 Bxf1 18. Rxf1 Bxd4 19. Nxd4 Qb6 20. Re1 Rad8 21. c3 Rfe8 22. Re5 b4 23. h4 bxc3 24. bxc3 Rc8 25. Qe3 Qc7 26. Ne2 f6 27. Re6 Qc5 28. Qxc5 Rxc5 29. Rxa6 Kf7 30. Kf2 Rb8 31. f4 Rb2 32. Ke3 Rd5 33. g3 Rd6 34. Rxd6 exd6 35. a4 Ra2 36. Nd4 Rxa4 37. f5 d5 38. g4 Rc4 39. Kd3 gxf5 40. gxf5 h5 41. Kd2 Ke7 42. Kd3 Kd6 43. Kd2 Ke5 44. Kd3 Rxd4+ 45. cxd4+ Kxf5 46. Kc3 Ke4 0-1

[Event "Titled Tuesday intern op 02nd Aug Early"]
[Site "Chess.com INT"]
[Date "2022.08.02"]
[Round "3"]
[White "Sarkar, Justin"]
[Black "Karaev, Seit"]
[Result "1-0"]
[WhiteElo "2352"]
[BlackElo "2280"]
[PlyCount "63"]
[EventDate "2022.08.02"]
[EventType "swiss (blitz)"]
[EventRounds "11"]
[EventCountry "USA"]
[SourceTitle "EXT 2023"]
[Source "ChessBase"]
[SourceDate "2022.10.05"]
[SourceVersion "1"]
[SourceVersionDate "2022.10.05"]
[SourceQuality "1"]

1. d4 Nf6 2. c4 c5 3. d5 b5 4. cxb5 a6 5. f3 g6 6. e4 d6 7. Na3 Bg7 8. Ne2 0-0 9. Nc3 e6 10. Bc4 Nh5 11. 0-0 e5 12. bxa6 Nxa6 13. Nab5 f5 14. exf5 gxf5 15. f4 Qh4 16. Nxd6 exf4 17. Ncb5 Bd7 18. Qe1 Qg5 19. Qf2 Nb4 20. Bxf4 Qg6 21. a3 Nxf4 22. Qxf4 Nc2 23. Rac1 Nd4 24. Kh1 Rab8 25. Nxd4 Bxd4 26. b4 Be5 27. Qxe5 cxb4 28. axb4 Rb6 29. Nxf5 Rxf5 30. Rxf5 Qxf5 31. d6+ Kf8 32. Qe7# 1-0

[Event "Titled Tuesday intern op 02nd Aug Early"]
[Site "Chess.com INT"]
[Date "2022.08.02"]
[Round "5"]
[White "Stanisz, Patryk"]
[Black "Karaev, Seit"]
[Result "0-1"]
[WhiteElo "2199"]
[BlackElo "2280"]
[PlyCount "66"]
[EventDate "2022.08.02"]
[EventType "swiss (blitz)"]
[EventRounds "11"]
[EventCountry "USA"]
[SourceTitle "EXT 2023"]
[Source "ChessBase"]
[SourceDate "2022.10.05"]
[SourceVersion "1"]
[SourceVersionDate "2022.10.05"]
[SourceQuality "1"]

1. d4 Nf6 2. c4 c5 3. Nf3 g6 4. Nc3 Bg7 5. e4 0-0 6. Be2 d6 7. 0-0 Nc6 8. d5 Na5 9. h3 e5 10. Bg5 h6 11. Be3 a6 12. Qd2 Kh7 13. a4 Nb3 14. Qc2 Nxa1 15. Rxa1 a5 16. b3 Ng8 17. g4 b6 18. Bd3 Ra7 19. Nd2 f6 20. Nf1 Raf7 21. Ng3 Ne7 22. Kf1 Kg8 23. Qd2 f5 24. gxf5 gxf5 25. Bxh6 f4 26. Bxg7 Rxg7 27. Nf5 Nxf5 28. exf5 Bxf5 29. Bxf5 Rxf5 30. Ke2 f3+ 31. Kd1 Qh4 32. Kc2 Rg2 33. Re1 Rxf2 0-1

[Event "Titled Tuesday intern op 12th Jul Early"]
[Site "Chess.com INT"]
[Date "2022.07.12"]
[Round "6"]
[White "Karaev, Seit"]
[Black "Redzisz, Michal"]
[Result "0-1"]
[WhiteElo "2280"]
[BlackElo "2232"]
[PlyCount "140"]
[EventDate "2022.07.12"]
[EventType "swiss (blitz)"]
[EventRounds "11"]
[EventCountry "USA"]
[SourceTitle "EXT 2023"]
[Source "ChessBase"]
[SourceDate "2022.10.05"]
[SourceVersion "1"]
[SourceVersionDate "2022.10.05"]
[SourceQuality "1"]

1. e4 c5 2. Nf3 e6 3. d4 cxd4 4. Nxd4 a6 5. Nc3 Nc6 6. a3 Nge7 7. Bg5 Qa5 8. h4 Qe5 9. Nf3 Qa5 10. Qd2 b5 11. Nd4 Nxd4 12. Qxd4 Nc6 13. Qe3 b4 14. Nd1 bxa3+ 15. c3 axb2 16. Rb1 Bc5 17. Qd2 0-0 18. Be2 d5 19. exd5 exd5 20. 0-0 Be6 21. Rxb2 d4 22. Bf3 dxc3 23. Qxc3 Qxc3 24. Nxc3 Rac8 25. Na4 Nd4 26. Bb7 Rc7 27. Bxa6 Ra8 28. Bf4 Rc6 29. Bb7 Rxa4 30. Bxc6 Nxc6 31. Rc1 Bf8 32. Rxc6 Rxf4 33. Rb8 g6 34. Rcc8 Bxc8 35. Rxc8 Rxh4 36. g3 Ra4 37. f4 Kg7 38. Kf2 Ra2+ 39. Kf3 Ra3+ 40. Kf2 h5 41. Rc6 Ra5 42. Kf3 Bc5 43. g4 Ra3+ 44. Ke4 Ra4+ 45. Kf3 Be7 46. gxh5 gxh5 47. Rb6 Bf6 48. Rb5 Kg6 49. Rb1 Ra3+ 50. Ke4 h4 51. Rg1+ Kh6 52. Kf5 Ra6 53. Rg4 Be7 54. Rg8 Rg6 55. Rh8+ Kg7 56. Re8 Bf6 57. Re3 Rh6 58. Rh3 Bd8 59. Kg4 Kf6 60. Ra3 h3 61. Ra6+ Kg7 62. Ra1 h2 63. Rh1 Bb6 64. Kf5 Bg1 65. Kg5 Rf6 66. f5 Ra6 67. Kf4 Kf6 68. Kg4 Ra4+ 69. Kf3 Kxf5 70. Kg2 Ra2+ 0-1

[Event "Titled Tuesday intern op 05th Jul Early"]
[Site "Chess.com INT"]
[Date "2022.07.05"]
[Round "2"]
[White "Melkumyan, Hrant"]
[Black "Karaev, Seit"]
[Result "1-0"]
[WhiteElo "2634"]
[BlackElo "2280"]
[PlyCount "125"]
[EventDate "2022.07.05"]
[EventType "swiss (blitz)"]
[EventRounds "11"]
[EventCountry "USA"]
[SourceTitle "CBM 209 Extra"]
[Source "ChessBase"]
[SourceDate "2022.09.30"]
[SourceVersion "1"]
[SourceVersionDate "2022.09.30"]
[SourceQuality "1"]

1. Nf3 Nf6 2. c4 g6 3. Nc3 Bg7 4. e4 d6 5. d4 0-0 6. Be2 c5 7. d5 a6 8. 0-0 b5 9. cxb5 axb5 10. Bxb5 Ba6 11. Re1 Qa5 12. a4 Bxb5 13. Nxb5 Nfd7 14. Bd2 Qb6 15. Bc3 f6 16. Nd2 Na6 17. Qg4 Ne5 18. Bxe5 fxe5 19. Nc4 Qd8 20. g3 Nb4 21. Re2 Kh8 22. b3 Na6 23. h4 Nc7 24. Nxc7 Qxc7 25. Rd1 Rab8 26. Rd3 Rf6 27. h5 gxh5 28. Qxh5 Rg8 29. Rf3 Rh6 30. Qf5 Bf6 31. Kg2 Rg5 32. Qe6 Rgh5 33. Rf5 Rh2+ 34. Kf3 Qb8 35. Re3 Bg5 36. Qf7 Bxe3 37. Nxe3 Qd8 38. Ng4 Rh1 39. Nxh6 Rxh6 40. Qf8+ Qxf8 41. Rxf8+ Kg7 42. Rb8 Rh1 43. Kg4 Rb1 44. Rb5 Kf6 45. a5 Rb2 46. f3 Rh2 47. f4 h5+ 48. Kf3 Ra2 49. Ke3 Rg2 50. Kf3 Ra2 51. f5 Ra3 52. Kg2 c4 53. bxc4 Kg5 54. c5 dxc5 55. Rxc5 Kg4 56. Kf2 Rf3+ 57. Ke2 Rxg3 58. f6 exf6 59. d6 Rb3 60. d7 Rb2+ 61. Kd3 Rb1 62. Kc2 Rb8 63. Rc8 1-0

[Event "Alushta Blitz op"]
[Site "Alushta"]
[Date "2022.07.02"]
[Round "12"]
[White "Karaev, Seit"]
[Black "Brusilovskiy, Boris"]
[Result "1-0"]
[WhiteElo "2280"]
[BlackElo "2067"]
[PlyCount "90"]
[EventDate "2022.07.02"]
[EventType "swiss (blitz)"]
[EventRounds "13"]
[EventCountry "UKR"]
[SourceTitle "CBM 209 Extra"]
[Source "ChessBase"]
[SourceDate "2022.09.30"]
[SourceVersion "1"]
[SourceVersionDate "2022.09.30"]
[SourceQuality "1"]

1. e4 e5 2. f4 d5 3. exd5 e4 4. d3 Nf6 5. dxe4 Nxe4 6. Nf3 Bc5 7. Qe2 f5 8. Nc3 0-0 9. Nxe4 fxe4 10. Qxe4 Bf5 11. Qc4 Qe7+ 12. Be2 Nd7 13. d6+ Qe6 14. Qxe6+ Bxe6 15. dxc7 Rac8 16. Bd2 Rxc7 17. a3 Re8 18. 0-0-0 Bf5 19. Bc4+ Kf8 20. Bb3 Rec8 21. Nh4 Be4 22. Rhe1 Bc6 23. Nf3 b5 24. Ne5 a5 25. Bxa5 Ra7 26. Nxc6 Rxc6 27. Bc3 b4 28. Bxb4 Bxb4 29. axb4 Nb6 30. c3 h5 31. Re5 g6 32. f5 Rf6 33. fxg6 Rxg6 34. Rd2 h4 35. Rh5 Rf6 36. Rxh4 Rf1+ 37. Kc2 Raa1 38. Rh7 Ke8 39. Re2+ Kf8 40. Ree7 Rac1+ 41. Kd2 Ra1 42. Rb7 Nc4+ 43. Bxc4 Rfd1+ 44. Kc2 Rac1+ 45. Kb3 Ke8 1-0

[Event "Alushta Blitz op"]
[Site "Alushta"]
[Date "2022.07.02"]
[Round "4"]
[White "Karaev, Seit"]
[Black "Rychagov, Andrey"]
[Result "1/2-1/2"]
[WhiteElo "2280"]
[BlackElo "2547"]
[PlyCount "67"]
[EventDate "2022.07.02"]
[EventType "swiss (blitz)"]
[EventRounds "13"]
[EventCountry "UKR"]
[SourceTitle "CBM 209 Extra"]
[Source "ChessBase"]
[SourceDate "2022.09.30"]
[SourceVersion "1"]
[SourceVersionDate "2022.09.30"]
[SourceQuality "1"]

1. e4 c5 2. Nf3 e6 3. d4 cxd4 4. Nxd4 a6 5. Nc3 b5 6. f3 Bb7 7. Be3 Nc6 8. Qd2 Nf6 9. 0-0-0 Qc7 10. g4 h6 11. h4 Bb4 12. Kb1 Nxd4 13. Bxd4 e5 14. Be3 Bxc3 15. bxc3 Bxe4 16. fxe4 Nxe4 17. Qd3 Nxc3+ 18. Kb2 Nxd1+ 19. Qxd1 Rc8 20. Bd3 0-0 21. g5 e4 22. Bd4 exd3 23. Qxd3 Qc6 24. Rg1 h5 25. g6 f6 26. Qf5 Rfe8 27. Qxh5 Qxc2+ 28. Ka1 Re2 29. Qd5+ Re6 30. Qh5 Re2 31. Qd5+ Re6 32. Qh5 Re2 33. Qd5+ Re6 34. Qh5 1/2-1/2